• 首页
  • 本馆介绍
  • 公告通知
  • 最新文献
  • 馆藏检索
  • 电子资源
  • 读者导购
  • 参考咨询
  • 我的图书馆
  • 登录
  • 期刊详细显示
  • 现刊情况显示
  • 合订本情况显示
  • 篇目信息显示

期刊信息

  • 表格格式
  • 工作单格式
  • 卡片格式
索取号 
D43/GSQN
题名 
甘肃青年
作者 
分册号 
分册名 
出版地 
兰州
出版者 
该杂志社
标准刊号 
出版频率 
月刊
中图法分类 
D43
主题词 
青年运动; 青年组织; 学生运动; 学生组织
电子资源 
000 01103nas002200385 45
001 1196030377
005 20070423082748.96
011    @d¥0.45(1986)
021    @aCN@b甘肃004
092    @aCN@b54-4
100    @a19930618b19761986m y0chiy0121 eb
101 0  @achi
102    @aCN@b220000
110    @aafaz 0yu0
200 1  @a甘肃青年@AGAN SU QING NIAN@dGanSu youth monthly@zeng
207  0 @a试刊:no.1(1975)~no.4(1975)=[总1~4];1976,no.1(1976)~1977)=[总5~23];1977,no.8(1977)~1986,no.9(1986)=总24~133
210    @a兰州@b甘肃省兰州市民主西路32号@c该杂志社@d1976~86
215    @a133no.@d26cm
300    @a1980年前限国内发行
300    @a1981年前尺寸为19cm
326    @a月刊
327 0  @a一代风流@a学生时代@a生活向导
440  1 @12001 @a新一代
510 1  @aGanSu youth monthly@zeng
540 1  @a青年 甘肃@AQING NIAN GAN SU
606 0  @a青年运动
606 0  @a青年组织
606 0  @a学生运动
606 0  @a学生组织
610 0  @a青年@a甘肃
676    @a305.23@v19
690    @aD43@v3
690    @aD43@v4
801  0 @aCN@bPFT@c20070423
905    @a1@cQ@dD43@eGSQN
    
    甘肃青年=GanSu youth monthly.-试刊:no.1(1975)~no.4(1975)=[总1~4];1976,no.1(1976)~1977)=[总5~23];1977,no.8(1977)~1986,no.9(1986)=总24~133.-兰州(甘肃省兰州市民主西路32号):该杂志社,1976~86
    133no.;26cm
    1980年前限国内发行.-1981年前尺寸为19cm.-由:继承
    部分内容:一代风流;学生时代;生活向导
    ¥0.45(1986)
    
●
相关链接: 在易读查询期刊 在中国知网中查询期刊 在万方数据查询期刊 在维普查询期刊
唐山师范学院图书馆 欢迎您!
大连网信软件有限公司© 版权所有